| 000 | 00785nam a2200265Ia 4500 | ||
|---|---|---|---|
| 001 | 21692 | ||
| 005 | 20260320113305.0 | ||
| 008 | 260320s9999||||xx |||||||||||||| ||und|| | ||
| 020 | _a9786123331214 | ||
| 041 | _aESP | ||
| 082 |
_a345.2 _bC94 |
||
| 100 |
_aCubas Villanueva, Víctor, _eAUT |
||
| 245 | 0 |
_aLas medidas de coerción en el proceso penal _b |
|
| 246 |
_a _5 _b |
||
| 250 | _aSegunda edición | ||
| 260 |
_aLima : _bGaceta Jurídica _c2024 |
||
| 300 |
_a430 páginas : _bcuadros ; _c25 cm. _e |
||
| 440 |
_a _n _v |
||
| 650 | _aCIS | ||
| 653 | _aDerecho; Derecho procesal penal; Coerción en el proceso penal | ||
| 654 | _aDER | ||
| 700 |
_a _c |
||
| 856 |
_uhttps://app-vlex-com.ucsp.lookproxy.com/ _zVéase además: Base de datos Vlex |
||
| 942 |
_cLIB _dJUS _fMIP _2ddc _n |
||
| 999 |
_c21692 _d21692 |
||